|
|
|
|
| LEADER |
00000nam a2200000 a 4500 |
| 001 |
vtls001345345 |
| 003 |
SK-MaSNL |
| 005 |
20260301200718.0 |
| 008 |
251113s1990 xr 0 cze |
| 020 |
|
|
|a 8020800387
|
| 035 |
|
|
|a SNK000298568
|
| 040 |
|
|
|a SNK
|b slo
|c SNK
|e AACR2
|
| 041 |
0 |
|
|a cze
|
| 044 |
|
|
|a CZ
|
| 080 |
|
|
|a 885.0-31
|2 1981
|
| 100 |
1 |
|
|a Hájek, Petr
|4 aut
|9 349221
|
| 245 |
1 |
0 |
|a Svět je na rozvod
|c Petr Hájek
|
| 260 |
|
|
|a Praha
|b Práce
|c 1990
|
| 300 |
|
|
|a 200, [2] s.
|c 8°
|
| 490 |
1 |
|
|a Příliv
|
| 650 |
0 |
7 |
|a literatúra česká
|x romány
|2 SNK
|9 61525
|
| 650 |
0 |
7 |
|a české romány
|2 SNK
|9 99282
|
| 830 |
|
0 |
|a Příliv
|9 291647
|
| 919 |
|
|
|a 80-208-0038-7
|
| 958 |
|
|
|a RK
|
| 958 |
|
|
|a OND
|
| 999 |
|
|
|c 891756
|d 893686
|
| 952 |
|
|
|t P60, <04>, [BOOK], {604}
|a SNK
|b SNK
|y VYP
|7 0
|p 17A0495099
|o snkIC 115609
|i snkKIP 8627/90
|0 0
|1 0
|4 0
|d 1998-10-15
|l 0
|r 2005-01-02 00:00:00
|w 2026-02-24
|
| 952 |
|
|
|t P60, <04>, [BOOK], {604}
|a SNK
|b SNK
|y VYP
|7 0
|o snkIC 115609 D1
|i snkKIP 8628/90
|0 0
|1 0
|4 0
|d 1998-10-15
|l 0
|r 2005-01-02 00:00:00
|w 2026-02-24
|